| 000 | 01244nam a2200241 a 4500 | ||
|---|---|---|---|
| 999 |
_c447098 _d447098 |
||
| 003 | BLK | ||
| 005 | 20230628142534.0 | ||
| 008 | 220302b bu |||||r|||| 00| | bu d | ||
| 040 | _aBLK | ||
| 041 |
_aBUL _cBUL |
||
| 080 |
_aПрофесии. Професионални проблеми - Видове професии, професионални групи. Професионално ориентиране и др. Подразделят се със съотношение (331.54:023 - Библиотекарска професия) _b331.54 _x(497.215)(062) _z331.54(497.215)(062) |
||
| 139 |
_aПът на възход _bП 98 |
||
| 245 |
_aПът на възход _b1976-1980-1990 _h[Малотир. изд.] |
||
| 260 |
_9441842 _aРусе _bб. и. _c1976 |
||
| 300 |
_a88 с. _c22 см |
||
| 380 | _a3 | ||
| 500 | _aИзд. на Окр. народен съвет - Отд. "Народна просвета" Окр. методичен кабинет за училищно и професионално ориентиране - Русе | ||
| 653 | 7 |
_9182091 _aБКП |
|
| 653 | 7 |
_9194811 _aпрофесионално ориентиране |
|
| 852 |
_bК _cК 33/П 98 |
||
| 942 |
_cKNG _n0 _s1 _01 |
||
| 944 |
_aCR _c2022-03-04 _kК.Д. |
||